[Event "Euwe Intern 2007-2008"]
[Site "?"]
[Date "2007.09.13"]
[Round "1"]
[White "Stins, Johan"]
[Black "Witt, Rob"]
[Result "0-1"]
[WhiteElo "1881"]
[BlackElo "2236"]
[Annotator "Witt"]
[PlyCount "52"]
[EventDate "2007.??.??"]

{Tweede ronde van de interne. Ik had opnieuw geen zin om te spelen, maar toch
maar gekomen om te oefenen voor de knsb.} 1. e4 e6 2. d4 d5 3. Nc3 Bb4 4. e5 c5
5. a3 Bxc3+ 6. bxc3 Ne7 7. Qg4 O-O {Ik vind dit tegenwoordig een leuke variant
om te spelen, maar eerlijk gezegd weet en begrijp ik er weinig van.} 8. Bd3
Nbc6 9. Nf3 {6'} (9. Qh5 {is de grote mode en kritiek voor de beoordeling van
het zwarte systeem.}) 9... f5 {5'} 10. exf6 {12'} Rxf6 11. Qh5 {22'} ({Het
gebruikelijkst blijkt} 11. Bg5 {Ik plande dan} e5 (11... Rf7 {is ook veel
gespeeld.}) 12. Qh4 ({Op} 12. Qg3 {met zwart voortzetten met} Rxf3 {en in de
praktijk scoort zwart goed.}) 12... e4 13. Bxf6 gxf6 14. Qxf6 exd3 15. cxd3 {
met onduidelijke stelling.}) 11... h6 {7'  Deze stelling geldt als bevredigend
voor zwart.} 12. h4 {32'  Dit blijkt nieuw te zijn.} ({Gebruikelijk is} 12. O-O
) 12... c4 {12'  Tijdens de partij wist ik niet of dit de beste was, maar
achteraf ben ik er tevreden over.} 13. Be2 (13. Bg5 Rxf3 {is niks voor wit.})
13... Bd7 $6 {A tempo gespeeld. Hieruit blijkt dat ik geen ervaring heb met
dit systeem en de nuances niet in de vingers heb. De zet is op zich niet zo
slechtmaar} ({Heel sterk was} 13... e5 $1 {Een mogelijk vervolg is} 14. Nxe5
Rf5 15. Nxc6 bxc6 16. Qg4 Rxf2 17. Qg3 Rf8 $15 {en wit kan niet op h6 slaan
wegens Pf5.}) 14. Ne5 {40'} Be8 $6 {21'} ({Interessant was} 14... Qa5 15. Bd2 (
15. Nxd7 Qxc3+ 16. Kf1 Rf5 $19) 15... Rf5 16. Nxc6 Nxc6 17. Qg4 Raf8 $15) (
14... Nxe5 15. Qxe5) (14... Rf5 15. Nxc6 Nxc6 16. Qg4 Qa5 17. Bd2 Raf8) 15. Qg4
Qa5 {25'} 16. Bd2 Nf5 {45'  Hier had ik heel lang over nagedacht omdat de
stelling me niet zo beviel.} ({Mijn oorspronkelijke bedoeling was} 16... Nxe5
17. dxe5 Rf5 {maar na} 18. Qg3 {zag ik niet goed wat ik moest doen, omdat
zowel Lxh6 als Lg4 dreigt. Het beste is vermoedelijk} Rf8 19. Bg4 Bg6 20. Bxe6+
Kh8 $13) ({Het beste was m.i.} 16... Bg6 {met wederzijdse kansen.}) 17. Qh3 {
47'  Wit wil natuurlijk met zijn g-pion opstomen.} Nd6 {50'} 18. Bf3 $6 {1.01'}
(18. f3 {leek me een betere zet.}) ({en} 18. Bg4 {was de enige zet waar Johan
nog naar gekeken had. Dan volgt echter sterk} Ne4 $1) ({Na afloop keken we
vooral naar de zet waar ik me het meeste zorgen over maakte} 18. Ng4 $1 Rf8 (
18... Rf5 $2 {had ik verworpen omdat wit remise kan maken met Pe3 maar wit
krijgt groot voordeel na} 19. Nxh6+ gxh6 20. Qg3+ Kh7 21. Qxd6) 19. Nxh6+ Kh8 {
met volstrekt onduidelijke stelling.} (19... gxh6 20. Qxe6+ Nf7 21. Rh3 $18))
18... Bg6 $2 {54'} (18... Kh8 {was een stuk veiliger geweest.} 19. g4 Rf8 20.
g5 Nxe5 21. dxe5 Nf5 $13) 19. Nxc6 $2 {1.10'  Een jke beslissing. Johan stort
in omdat hij niet in zijn stelling gelooft.} ({De juiste zet was opnieuw} 19.
Ng4 {Zwart zal een kwaliteit moeten offeren, maar de vraag is hoe?} Raf8 ({of} 
19... Rxf3) 20. Nxf6+ (20. Qg3 $5) 20... Rxf6 $13 {volgens Rybka. Fritz geeft
wit een plusje na} 21. g4 $5 Be4 22. g5 Rxf3 23. Qxe6+ Nf7 24. g6 Qd8 25. Rg1
Kf8 26. gxf7 Rxf7 27. O-O-O {en nog steeds geeft Fritz een plusje maar Rybka
vindt het nu beter voor zwart na. Onduidelijk dus.} Bf5 $13) 19... bxc6 $17 20.
O-O {1.12' Over 18'} Bxc2 {55' Over 35'} 21. Bg4 {15'} Bf5 {32'} 22. Bxf5 exf5
23. Bf4 Ne4 {29'} 24. Rab1 $2 {13'} Nxc3 {28'} 25. Be5 Rf7 26. Rb4 $2 {10'}
Qxa3 {26' en wit gaf op.} 0-1

[Event "KNSB 2007-2008"]
[Site "?"]
[Date "2007.09.15"]
[Round "1"]
[White "Witt, Rob"]
[Black "Floor, Dirk"]
[Result "1-0"]
[WhiteElo "2236"]
[BlackElo "2133"]
[Annotator "Witt"]
[PlyCount "85"]
[EventDate "2007.09.16"]

{Het nieuwe seizoen zijn we gestart  met een mooie overwinning overwinning op
Paul Keres (61/2-31/2). Vooraf werd een zware wedstrijd verwacht, maar Paul
Keres had maar liefst 4 invallers, die het overgens niet slecht deden en wij
maar één, zodat op grond van het ratingverschil een 6-4 overwinning verwacht
mocht worden. Onze invaller, Ron Hoffman, hoorde vlak voor het begin dat hij
aan bord 1 mocht tegen de sterke Xander Wemmers. Hij weerde zich als een leeuw,
maar verloor uiteindelijk toch op fraaie wijze. Zelf won ik op bord 2
ogenschijnlijk gemakkelijk van Dirk Floor. Maar de overwinning kwam een beetje
uit de lucht vallen. Na 18 zetten was ik niet erg tevreden over mijn spel,
maar een paar zetten later stond ik plotseling gewonnen wat we overigens
allebei niet meteen zagen.} 1. Nf3 Nf6 2. c4 c5 {Na deze zet ben ik al uit
mijn voorbereiding.} 3. Nc3 g6 4. e4 d6 5. d4 cxd4 6. Nxd4 Bg7 7. Be2 Nc6 8.
Be3 O-O 9. Qd2 Bd7 10. O-O Nxd4 11. Bxd4 {5'} Bc6 {24' Via zetverwisseling is
een bekende stelling uit de Siciliaanse Maroczy ontstaan. Ik heb zowel met wit
als met zwart deze stelling diverse keren op het bord gehad.} 12. Bd3 {15'
Minder gebruikelijk. Ik had niet zo'n zin in een zware laveerpartij en besloot
een scherpere opstelling te kiezen waarmee je op koningsaanval kunt spelen. Ik
herinnerde me vaag dat Grischuk dit een keer gespeeld had met een torenoffer
op h5 en zelf kreeg ik het een keer tegen me in het eerste ACT toernooi
waarbij ik tegen Wintzer minder kwam te staan.} ({Meestal gaat het als volgt
verder} 12. f3 a5 13. b3 Nd7 14. Be3 Nc5 15. Rab1 Qb6 16. Rfc1 Rfc8 {en het
wordt een lange manoeuvreerpartij.}) 12... a5 {42'} 13. Rae1 {20'} Nd7 {51'}
14. Bxg7 Kxg7 15. f4 $6 {27' Dat is niet de juiste methode. Vrijwel alle
partijen gaan verder met het consequente} (15. Re3 $1 {In die partij van
Grischuk volgde toen} Qb6 16. Rh3 h5 17. Rxh5 $5 {maar dit offer is niet
winnend.} ({Beter is} 17. Nd5 {met goed spel voor wit.})) 15... Qb6+ {57'} ({
Bekend is nog één partij met} 15... f6 16. Re3) 16. Kh1 Qd4 {60'  Deze
manoeuvre was mij ontgaan toen ik over 15.f4 nadacht.} 17. Qe2 {40'} ({Een
ander idee was} 17. Ne2 {maar ik vond het niet logich omdat het paard een keer
naar d5 moet.}) 17... a4 {1.10'} 18. Rc1 {41'} Ra5 {1.14'  Hier zat ik een
beetje te balen. Ik vond dat zwart mooi thematisch gespeeld had en mijn
koningsaanval is nergens  te bekennen.} 19. Bb1 {49'} Rh5 {1.20'  Al of niet
terecht hoopte ik op deze zet. Tijdens de partij dacht ik dat  die toren hier
buitenspel zou staan.} 20. Nd5 {55'} Bxd5 $6 {1.22'} ({Een beter alternatief
was volgens mij} 20... e6 {Mijn bedoeling was dan} 21. Rfd1 Qc5 22. Qd2 {
met onduidelijke stelling al heb ik liever wit.}) 21. cxd5 Nc5 $4 {1.25'  Maar
dit is een enorme blunder zonder dat we dit beseften.} (21... Qb6 {en Rybka
vindt het ongeveer gelijk terwijl Fritz de voorkeur geeft aan wit. Mijns
inziens hoort die toren niet op h5.}) 22. Rc4 $1 {Wit nog 61', zwart 35'. Het
is meteen uit zonder dat ik het zag!} Qf6 23. g3 $4 {Dit had ik een paar
zetten eerder gepland. Beide spelers zijn hier stekeblind. Direct winnend was
echter} (23. g4 $1 {want als de toren wijkt volgt g5 met damewinst.}) 23... Rc8
$4 {28'  Beide spelers hebben nog niks in de gaten. Pas na een minuut of 5 zag
ik het. Ik wierp een blik naar mijn tegenstander en zag aan de kleur van zijn
hoofd dat hij het inmiddels ook gezien had.} ({Noodzakelijk was iets als} 23...
e5 $13 {of een koningszet.}) 24. g4 $18 {52'} Nxe4 {17'  Relatief nog het
beste.} 25. Bxe4 {45'} ({Alles wint maar makkelijker was achteraf} 25. Rxe4
Rxd5 26. g5 Qf5 27. Rxe7 $18) 25... Rxc4 {15'} 26. Qxc4 Rh3 27. Bg2 {41'} Re3
28. Rb1 $6 (28. Rf2 $1 {om zowel pion b2 als f4 te dekken was handiger geweest.
}) 28... b5 {10'} 29. Qb4 {40'} a3 {8'  Dit helpt wit alleen maar.} ({Taaier
was} 29... Rd3 30. Qxb5 Qd4 {en wit moet nog nauwkeurig spelen.}) 30. bxa3 {35'
} Re2 31. Qxb5 {29'  Ik probeer het zo simpel mogelijk te houden.} ({De
computer doet het natuurlijk weer handiger met} 31. g5 Qf5 32. Qc3+ f6 33. Re1
Rxe1+ 34. Qxe1 $18) 31... Rxa2 32. Qb4 Qh4 {5'} 33. Qd4+ {28'} f6 34. Qe3 {27'}
Qxg4 {3'} 35. Bf3 {24'} ({Goed was ook} 35. Bh3 Qe2 36. Qxe2 Rxe2 37. Ra1 $18)
35... Qd7 36. Re1 {23'} Kf8 37. Bg2 {21'} Qb7 38. Qh3 {19'} Kg7 {1'} 39. Qe6
Kf8 40. Qe3 {14'} ({Teamleider Rik Salomons stelde} 40. Rc1 {voor met
matdreiging. Maar ik liet het na wegens} Kg7 ({of} 40... Rc2)) 40... Rb2 {
Allebei 1 uur erbij en hoewel ik het niet al te handig heb gedaan, blijft de
stelling eenvoudig gewonnen.} 41. Qh3 Rb1 {48'} 42. Qc3 {1.07'} Qb6 {42'} 43.
h3 {en hier had mijn tegenstander er genoeg van.} 1-0

[Event "Euwe intern 2007-2008"]
[Site "?"]
[Date "2007.10.18"]
[Round "7"]
[White "Ten Hacken, Jos"]
[Black "Witt, Rob"]
[Result "0-1"]
[WhiteElo "2106"]
[BlackElo "2236"]
[Annotator "Witt"]
[PlyCount "110"]
[EventDate "2007.??.??"]

{De 7e ronde van de interne bracht mij tegen Jos ten Hacken. Jos is een
lastige tegenstander voor mij. Ik heb al een paar keer verloren en als ik win
is het vaak vanuit slechtere of zelfs totaal verloren stelling. Zoiets
gebeurde ook deze keer. Vanaf zet 15 staat Jos riant, maar 10 zetten later is
zijn voordeel verdwenen en weer 5 zetten later heb ik een eindspel met
pluspion. Op een gegeven moment kon Jos het remise maken, maar hij had geen
tijd meer. Al met al heb ik dit seizoen nog geen fatsoenlijke partij gespeeld.
} 1. d4 d5 2. c4 c6 3. Nc3 Nf6 ({Zou Jos iets weten van het scherpe} 3... dxc4
$5) 4. e3 {Het voordeel van deze zetvolgorde is dat je het klassieke Slavisch
vermijdt (4.Pf3 dxc4 5.a4 Lf5), aan de andere kant beschik je ook niet meer
over scherpe opstellingen met Lg5. Een kwestie van smaak.} e6 ({Minder goed is
} 4... Bf5 $6 {wegens} 5. cxd5 cxd5 6. Qb3) 5. Nf3 Nbd7 6. Bd3 ({Ook populair
is} 6. Qc2 Bd6 {en nu de interessante zet van Shabalov} 7. g4 $5) 6... dxc4 7.
Bxc4 b5 8. Bd3 {De Meraner} a6 ({Wim Nijenhuis kreeg laatst het hem onbekende} 
8... Bd6 {tegen zich. Wim dacht dat dat een patzerzet was, maar de zet wordt
op het hoogste niveau gespeeld (bijv. Anand!).}) 9. e4 {4'} c5 {4'} 10. e5 {
11'  Een goeie keus van Jos. Ik heb het nog nooit tegen me gehad en het is al
vele jaren geleden dat ik het bekeken heb,} ({Het alternatief is de befaamde
Reynoldsaanval die ingeleid wordt met} 10. d5 {bijv.} c4 11. dxe6 fxe6 12. Bc2
{Zo speelde Rik Salomons vorig seizoen tegen mij. Dat heb ik toen wel bekeken.}
) 10... cxd4 11. Nxb5 {18'} (11. Ne4 {is tegenwoordig ook een zet en is enkele
malen door Yusupov gespeeld.}) 11... axb5 {7'  Andere veel gespeelde zetten
zijn} (11... Nxe5) (11... Ng4) 12. exf6 gxf6 {Ik dacht dat dit niet zo
gebruikelijk was, maar het blijkt heel veel gespeeld te zijn door topspelers.}
({Toch had ik een paar zetten al spijt dat ik niet had gekozen voor "de
hoofdvariant" met} 12... Qb6) 13. Nxd4 $6 {18'  Dat blijkt niet de bedoeling
te zijn van de witte opbouw. Gebruikelijk is} (13. O-O Qb6 14. Qe2 $13) 13...
b4 $2 {12' En dit is niet de bedoeling van de zwarte opbouw. De zet gaat ten
koste van de ontwikkeling en vandaar dat iedereen hier kiest voor} (13... Qb6 {
en zwart schijn heel goede compensatie te hebben als wit de pion neemt. Ook
als hij niet neemt op b5 heeft zwart goed spel. In de online database van New
in Chess scoort zwart maar liefst 12-12 !!} 14. Nxb5 ({Gebruikelijk is} 14. Be3
Bb4+ 15. Kf1 Bc5 $13) 14... Bc5 ({of} 14... Bb7 $5)) 14. O-O {30'} Nc5 $6 {
21'  De stelling is al heel goed voor wit, maar na deze nieuwe zet wordt de
zwarte stelling kritiek.} (14... Qb6) (14... Bb7) 15. Bb5+ Bd7 16. Qe2 $16 {41'
} (16. Qf3 $5 {kwam ook in aanmerking. Bijv.} Rc8 17. Rd1 Bxb5 18. Nxb5 Qb6 19.
Qxf6 Rg8 20. Nd4 Qb7 21. f3 $16) 16... Qb6 {36'} ({Ik verwierp} 16... Bxb5 {
wegens} 17. Qxb5+ ({Fritz en Rybka geven de voorkeur aan} 17. Nxb5 $5) 17...
Qd7 18. Qxb4 $14 {en ik zag niet wat zwart heeft voor zijn pion.}) 17. Be3 {48'
} ({Tijdens de partij vreesde ik} 17. Qf3 $5 Rd8 {Dit zou ik gespeeld hebben.}
18. Qxf6 {Hier heeft wit welicht wat sterkers.} Rg8 {maar na de partij bleek
al dat zwart hier veel spel heeft voor de pion.}) 17... Bxb5 {40'} 18. Nxb5 {
52'} (18. Qxb5+ Qxb5 19. Nxb5 Ra5 {is niks voor wit.}) 18... Rb8 {45'} (18...
Ra5 {was misschien beter geweest.}) 19. a4 {57'} (19. Nd4 $5) 19... bxa3 {50'}
20. Nxa3 Qb7 {Wit nog 28', zwart 32'} ({Ik durfde niet op b2 te slaan. Bijv.} 
20... Qxb2 21. Qf3 {en ik zou niet weten wat zwart nu moet spelen. Misschien
iets als} Rc8 ({Of misschien} 21... Nd7 {Bijv.} 22. Rfb1 Qe5 23. Rxb8+ Nxb8 24.
Rd1 $1 Bxa3 25. Bd4 {en ik geloof dat wit wint.}) 22. Nc4 Qb7 23. Qxf6 Rg8 24.
f3 {en zwart kan alleen maar afwachten hoe sterk de witte aanval wordt.}) 21.
Nc4 {25'} h5 {27'} 22. b4 {20'  Creatief gespeeld, maar of het ook de beste
is? Inmiddels dreigen we allebei in tijdnood te komen.} Ne4 {18'} ({Opnieuw
durfde ik de pion niet te nemen.} 22... Qxb4 23. Ra7 Be7 24. Bf4 Rd8 25. Bc7
$16) ({Ik keek ook nog naar} 22... Na6 {maar het ziet er niet uit.}) ({en naar
} 22... Rg8 {maar ik was bang dat pion h5 een ker zou vallen.}) 23. Nb6 $6 {
13'  Dit oogt aardig. Wit brengt Db5+ in de stelling, maar het valt een beetje
tegen. We hebben hier in de nazit naar allerlei alternatieven gekeken zonder
iets concreets voor wit te vinden. Dat lag natuurlijk aan ons, want wit moet
hier gewoon heel goed staan.} ({Het zal moeten komen van} 23. Ra7 Qc6 {
waarschijnlijk het minst slechte veld voor de dame. Wit moet nu kiezen tussen
verschilende goed ogende zetten.} (23... Qb5 {Deze penning vond Jos vervelend,
maar na} 24. Bf4 $1 {heeft zwart niet beter dan} Nc3 25. Qd3 Bxb4 26. Bxb8 $18)
(23... Qd5 24. Qc2 Bxb4 25. Nb6 $1 $18) (23... Qxb4 24. Qd3 Nd6 25. Rc1 Be7 {
Deze poging om met de koning weg te lopen mislukt wegens} 26. Rxe7+ Kxe7 27.
Nxd6 Kf8 28. Nxf7 $1 $18) 24. b5 $1 {Dit mooie zetje lijkt winnend.} (24. Na5
$5) (24. Rc1 $5) 24... Qd5 (24... Rxb5 25. Rc1 Bc5 (25... Rb8 26. Na5 Qd5 27.
Nc6 $18) 26. Na5 Nc3 27. Rxc3 Rb1+ 28. Bc1 {en zwart heeft geen zet meer.}) 25.
Nb6 Rxb6 {Zwart heeft geen keus} 26. Bxb6 Bd6 27. Re1 f5 28. f3 $18) 23... Be7
{15'} ({Nauwkeuriger was} 23... Bd6) 24. Qb5+ $6 {10'} (24. Ra5 $5 {met de
bedoeling Tfa1 en Ta7.}) 24... Kf8 25. Qd7 $2 {6'  De tijd begon te dringen.
Misschien stond wit nog steeds iets beter, maar na deze zet niet meer.} (25.
Ra6 $14) (25. Rfc1 $14) 25... Kg7 $11 {13'  Zwart heeft de hel overleefd en
ook meer tijd.} 26. Rfd1 $6 {3' Nu komt zwart zelfs iets beter te staan.} Rhd8
$6 {11'} (26... Qxd7 $5 27. Rxd7 Bxb4 28. Raa7 Rhf8 29. g3 Bc5 30. Bxc5 Nxc5
31. Rdc7 {en wit heeft misschien genoeg compensatie voor de pion.}) 27. Qxb7 $6
(27. Qb5 Nc3 (27... f5 $13) 28. Qxh5 Rxd1+ 29. Rxd1 Nxd1 30. Qg4+ {met eeuwig
schaak omdat zwart niet naar f8 kan wegens Lh6+.}) 27... Rxd1+ {10'} (27...
Rxb7 28. Rxd8 Bxd8 29. Ra6 Nc3 $13) 28. Rxd1 Rxb7 29. b5 $2 {1,5' Deze pion
gaat verloren.} ({Na} 29. Rb1 {lijkt er weinig aan de hand, afgezien van wits
tijdnood.}) 29... Nc3 {7'} 30. Rd7 Rxd7 31. Nxd7 Nxb5 $17 32. g3 Kg6 {5'} 33.
Kg2 Kf5 34. Kf3 e5 {4'} 35. h3 Ke6 {3'} 36. Nb6 f5 37. Na4 {1'} Bd6 38. Nb2 Kd5
39. Na4 Nd4+ {2'} 40. Bxd4 ({Bood} 40. Kg2 {betere remisekansen?}) 40... Kxd4 {
Tijdnood voorbij, allebei 10' erbij.} 41. Nb6 {Jammer om zo'n eindspel in 10'
uit te vluggeren. Je speelt dan toch voornamelijk op gevoel zonder de nuances
te doorgronden. Het wordt allemaal extra lastig als Bert Westera op 2m afstand
bij een ander bord luidruchtig allerlei wijsheden zit te verkondigen. Pas na 4
of 5 aanmaningen kreeg ik hem stil.} e4+ (41... Kd3 $5) 42. Ke2 {6,5'} Be5 {10'
} 43. Nd7 Bg7 44. Nb6 {5'} Kc5 {9'} 45. Nc8 Bf6 {Met de bedoeling om h4 uit te
lokken of zelf h4 te spelen.} ({Ik zag dat} 45... Bf8 {waarschijnlijk het
paard won, maar wit slaat een aantal pionnen en ik kon niet taxeren hoe het
dan stond. Bijv.} 46. Ke3 Kc6 47. Kf4 Kb7 48. Kxf5 Kxc8 49. Kxe4 Kd7 50. Kf5
Bc5 51. f4 Ke7 {Misschien kan zwart dit winnen, maar ik heb geen tijd om het
uit te zoeken.}) 46. f3 {4'} h4 {5'  Mogelijk waren er betere plannen, maar
het had geen zin om nog meer tijd te investeren.} 47. gxh4 Bxh4 48. Ke3 {2'} (
48. fxe4 fxe4 49. Ke3 f5 50. Kf4 Bg5+ ({of} 50... Bd8 $19) 51. Kg3 {wint
eenvoudig.} f4+) 48... Bg5+ {Vanaf hier noteerde ik ook niet meer, Jos was al
eerder opgehouden.} 49. Ke2 Kd5 50. Nb6+ Ke5 51. Na4 Kf4 52. fxe4 $2 {Dit 
verliest kansloos. Noodzakelijk was} (52. Nc3 $1 {of een andere paardzet en
het lijkt me remise. Bijv.} exf3+ 53. Kf2 Bh4+ 54. Kf1 Kg3 55. Nb5 {en zwart
krijgt de witte koning nooit van f1 en kan ook het paard niet vangen.}) 52...
fxe4 53. Nc5 Be7 54. Nb3 f5 55. Nd4 Bf6 $19 {Verder konden we het niet meer
reconstrueren. Zwart won na nog enkele zetten met zijn f-pion.} 0-1